000 00293nam a22001217a 4500
008 180302b xxu||||| |||| 00| 0 eng d
041 _aeng
080 _a316
100 _a50
101 _aSOC
245 _aAgeing in a gendered world: women's issues and indetities
_cJudd,K
942 _2udc
_cBK
999 _c43942
_d43942